| 000 | 00545cam a2200169 a 4500 | ||
|---|---|---|---|
| 020 | _a0078824966 (pbk.) : | ||
| 082 | 0 | 0 |
_a005.4469 _bGAR _cN-01.P-50 |
| 100 | 1 |
_aGardinier, Kenton. _936842 |
|
| 245 | 1 | 0 |
_aWindows NT performance tuning & optimization / _cKenton Gardinier. |
| 260 |
_aBerkeley : _bOsborne/McGraw-Hill, _cc1998. |
||
| 300 |
_axxi, 728 p. : _bill. ; _c24 cm. |
||
| 500 | _aIncludes index. | ||
| 526 |
_a0 _b0 _c0 _d005_446900000000000_GAR |
||
| 650 | 0 |
_aNUST _96342 |
|
| 650 | 0 |
_aOperating systems (Computers) _96657 |
|
| 942 |
_2ddc _cBK |
||
| 999 |
_c541795 _d541795 |
||